header

Development results in middle-income countries (Record no. 110207)

MARC details
000 -LEADER
fixed length control field 01452nam a2200349 a 4500
245 00 - TITLE STATEMENT
Title Development results in middle-income countries
260 ## - PUBLICATION, DISTRIBUTION, ETC. (IMPRINT)
Place of publication Washington, D.C. :
Name of publisher World Bank,
Year of publication 2007.
300 ## - PHYSICAL DESCRIPTION
Number of Pages xxxi, 125 p. :
Other physical details ill. (some col.).
650 #0 - SUBJECT ADDED ENTRY--TOPICAL TERM
Topical Term Economic development projects
Topical Term Economic assistance
856 40 - ELECTRONIC LOCATION AND ACCESS
Uniform Resource Identifier http://site.ebrary.com/lib/rucke/Doc?id=10369882

No items available.

© 2026 Rongo University
Contact us: librarian | system librarian | Rongo university